Statistics for Best Selling Nintendo Franchises

Click here to take the quiz!

General Stats

  • This quiz has been taken 81 times
  • The average score is 10 of 20

Answer Stats

Copies (millions)Franchise% Correct
628Super Mario
100%
106The Legend of Zelda
94%
302Pokémon
84%
76Donkey Kong
75%
38Kirby
69%
203Wii Series
67%
34Animal Crossing
64%
17Metroid
64%
25Yoshi
59%
53Super Smash Bros.
55%
22Wario
53%
12Fire Emblem
48%
10Luigi
48%
12Star Fox
48%
12Splatoon
36%
28Nintendogs
19%
34Brain Age
13%
43Game & Watch
13%
10Tomodachi
8%
10Big Brain Academy
3%

Score Distribution

Percentile by Number Answered

Percent of People with Each Score

Your Score History

You have not taken this quiz